Statistiques concernant TOP 5 ENZOUZOU

Cliquez ici pour prendre le quiz!

Statistiques générales

  • Ce quiz a été pris 4 fois
  • Le résultat moyen est 13 sur 30

Statistiques - réponses

HintRéponse% Correct
Top 2 Rap FrBooba
100%
Top 4 Rap FrSCH
100%
Top 4 Rap Us21 Savage
75%
Top 5 FemmesAna de Armas
75%
Top 1 Rap UsKanye West
75%
Top 5 Rap FrNiska
75%
Top 3 SériePeaky blinders
75%
Top 4 JeuxRocket League
75%
Top 3 FemmesCassandra Cano
50%
Top 1 FemmesNathalie Portman
50%
Top 1 Rap FrPNL
50%
Top 4 SériePrison Break
50%
Top 5 SérieArrow
25%
Top 1 JeuxAssassin's creed brotherhood
25%
Top 2 JeuxAssassin's creed II
25%
Top 3 JeuxBO3
25%
Top 4 FemmesEmma Watson
25%
Top 5 Rap UsFuture
25%
Top 2 FILMIndiana Jones et la dernière croisade
25%
Top 3 Rap UsJuice Wrld
25%
Top 4 FILMLa revanche des siths
25%
Top 1 FILMLes infiltrés
25%
Top 2 FemmesLivvy dunne
25%
Top 2 Rap UsNas
25%
Top 5 JeuxNBA2K
25%
Top 5 FILMSeven
25%
Top 3 Rap FrSoprano
25%
Top 1 SérieStranger things
25%
Top 3 FILMTaxi Driver
25%
Top 2 SérieVikings
25%

Distribution des résultats

Percentile par nombre de réponses

% des personnes avec chaque résultat

Votre développement - résultats

Vous n’avez pas pris ce quiz